| 000 | 00468nam a22001697a 4500 | ||
|---|---|---|---|
| 003 | BD-ChCU | ||
| 005 | 20260430140019.0 | ||
| 008 | 260430b bg ||||| |||| 00| 0 ben d | ||
| 040 | _cBD-ChCU | ||
| 082 | _a330.91724 TOW | ||
| 245 |
_aToward a new strategy for development ./ _cChapel Rothko. |
||
| 260 |
_aNew York : _bPergamon _cC 1979 |
||
| 300 | _axviii , 365p. | ||
| 650 | 0 |
_aDeveloping Areas . _922170 |
|
| 700 |
_aRothko Chapel _922169 |
||
| 942 |
_2ddc _cBK _n0 |
||
| 999 |
_c112563 _d112563 |
||